000 00573nam a2200193 a 4500
005 20250905063953.0
008 080211s2001 ag r 000 0 spa d
020 _a9508082534
035 _aUPN01000154125
049 _aCG
050 4 _aHC123
_bP5.2
100 1 _aPla, Alberto J.,
_d1926-2008
_938557
245 1 0 _aAmérica Latina :
_bmundialización y crisis /
_cAlberto J. Pla.
260 _aRosario, Arg. :
_bHomo Sapiens,
_c2001.
300 _a232 p.
440 0 _aParadigmas y debates
651 4 _aAmérica Latina
_xCondiciones económicas
_92747
905 _aLibro
999 _c126242
_d126242